Movies by 3 Characters - Statistics

General Stats
  • This quiz has been taken 285 times
  • The average score is 10 of 12
Answer Stats
3 Characters Movie % Correct
Nemo, Dory, Marlin Finding Nemo
98%
Simba, Scar, Mufasa The Lion King
98%
Woody, Jessie, Buzz Lightyear Toy Story
98%
Elsa, Anna, Olaf Frozen
96%
Luke Skywalker, Han Solo, Chewbacca Star Wars
96%
Lightning McQueen, Mater, Doc Hudson Cars
95%
Puss, Donkey, Princess Fiona Shrek
95%
Iron Man, Hulk, Captain America Avengers
93%
Fairy Godmother, Prince Charming, Druzilla Cinderella
79%
Alex, King Julien, Skipper Madagascar
74%
Po, Chifu, Oogsway Kung Fu Panda
70%
Bob, Stu, Kevin Minions
55%
No matching quizzes found
Score Distribution
Percent of People with Each Score
Percentile by Number Answered
Your Score History
You have not taken this quiz